[Event "XVII Festival A"]
[Site "Trieste ITA"]
[Date "2015.08.30"]
[Round "2"]
[White "Baklan, Vladimir"]
[Black "Mazi, Leon"]
[Result "1-0"]
[WhiteElo "2608"]
[BlackElo "2405"]
[PlyCount "97"]
[EventDate "2015.08.29"]

1. e4 c5 2. Nf3 d6 3. d4 cxd4 4. Nxd4 Nf6 5. Nc3 a6 6. h3 e6 7. g4 Nc6 8. Bg2
Qc7 9. O-O h6 10. Nce2 Bd7 11. c3 g5 12. f4 gxf4 13. Rxf4 Ng8 14. Nxc6 Bxc6 15.
Qf1 Rh7 16. Ng3 Bg7 17. Nh5 Be5 18. Rf2 O-O-O 19. Bf4 Bh8 20. Bg3 f6 21. Nf4
Qf7 22. a4 e5 23. Nh5 Qe6 24. Bh4 Rf7 25. b4 Be8 26. b5 a5 27. Rf3 b6 28. Kh1
Kb7 29. Qc1 Rc7 30. Ng3 h5 31. gxh5 Ka7 32. Qe3 Bg7 33. Nf5 Bxh5 34. Bf2 Rb8
35. Rg3 Bf8 36. Qd2 Rbb7 37. Rd3 Rd7 38. c4 Kb8 39. Bxb6 Rxb6 40. c5 d5 41.
cxb6 Bb4 42. Qe2 Bf7 43. Rc1 Qxb6 44. Rc6 Qd8 45. exd5 e4 46. Bxe4 Ne7 47. Qh2+
Kb7 48. d6 Nxf5 49. Ra6+ 1-0

[Event "XVII Festival A"]
[Site "Trieste ITA"]
[Date "2015.08.30"]
[Round "2"]
[White "Hendriks, Willy"]
[Black "Vovk, Andrey"]
[Result "0-1"]
[WhiteElo "2384"]
[BlackElo "2606"]
[PlyCount "82"]
[EventDate "2015.08.29"]

1. d4 Nf6 2. Bg5 Ne4 3. Bf4 c5 4. d5 Qb6 5. Nd2 Nf6 6. e4 Nxe4 7. Nc4 Qf6 8.
Qf3 b5 9. Qxe4 bxc4 10. Bxc4 Qg6 11. Qxg6 hxg6 12. O-O-O f6 13. Nf3 g5 14. Bg3
d6 15. Rd3 Kf7 16. Re1 g4 17. Nd2 g5 18. f4 gxf4 19. Bxf4 Nd7 20. Bb5 Bh6 21.
Bxh6 Rxh6 22. Bxd7 Bxd7 23. Rde3 Re8 24. Ra3 Rxh2 25. Rxa7 Rd8 26. g3 f5 27. b3
Kf6 28. Nc4 f4 29. gxf4 g3 30. Ne3 Bh3 31. Kb2 g2 32. Nxg2 Rxg2 33. Rexe7 Rf8
34. Re3 Bf5 35. Rc3 Rd2 36. a4 Rxd5 37. a5 Rh8 38. a6 Rd1 39. Rc4 Rhh1 40. Rc7
Rb1+ 41. Kc3 Rh2 0-1

[Event "XVII Festival A"]
[Site "Trieste ITA"]
[Date "2015.08.30"]
[Round "2"]
[White "David, Alberto"]
[Black "Plenca, Jadranko"]
[Result "1/2-1/2"]
[WhiteElo "2584"]
[BlackElo "2369"]
[PlyCount "51"]
[EventDate "2015.08.29"]

1. e4 e5 2. Nf3 Nc6 3. Bb5 a6 4. Ba4 Nf6 5. O-O Be7 6. Re1 b5 7. Bb3 d6 8. c3
O-O 9. h3 Nb8 10. d4 Nbd7 11. Nbd2 Bb7 12. Bc2 Re8 13. Nf1 Bf8 14. Ng3 g6 15.
Bg5 h6 16. Bd2 Bg7 17. Qc1 Kh7 18. b3 Ng8 19. d5 c6 20. c4 Rc8 21. Qd1 a5 22.
dxc6 Bxc6 23. cxb5 Bxb5 24. Be3 Nc5 25. Qd2 d5 26. a4 1/2-1/2

[Event "XVII Festival A"]
[Site "Trieste ITA"]
[Date "2015.08.30"]
[Round "2"]
[White "Tabernig, Bernhard"]
[Black "Bosiocic, Marin"]
[Result "0-1"]
[WhiteElo "2327"]
[BlackElo "2552"]
[PlyCount "88"]
[EventDate "2015.08.29"]

1. d4 Nf6 2. c4 e6 3. Nc3 Bb4 4. f3 c5 5. d5 b5 6. e4 O-O 7. e5 Ne8 8. f4 exd5
9. cxd5 c4 10. Nf3 d6 11. Be2 Bb7 12. O-O Nc7 13. Ng5 h6 14. Nge4 dxe5 15. d6
Bxc3 16. Nxc3 Ne6 17. fxe5 Qb6+ 18. Kh1 Nd7 19. Nd5 Bxd5 20. Qxd5 Rac8 21. Bh5
Qc6 22. Bxf7+ Rxf7 23. Qxe6 Nxe5 24. Rxf7 Nxf7 25. Bf4 Re8 26. Qg6 Qe4 27. Qg3
g5 28. Bd2 Qd3 29. Re1 Rxe1+ 30. Qxe1 Nxd6 31. Qe6+ Kf8 32. Qxh6+ Kf7 33. Qh5+
Ke6 34. Qg4+ Nf5 35. Qd1 g4 36. Qe1+ Kd5 37. Bf4 Qe4 38. Qd2+ Nd4 39. Kg1 b4
40. Qxb4 Qxf4 41. Qb7+ Nc6 42. Qd7+ Kc5 43. b4+ cxb3 44. axb3 Qd4+ 0-1

[Event "XVII Festival A"]
[Site "Trieste ITA"]
[Date "2015.08.30"]
[Round "2"]
[White "Maiorov, Nikita"]
[Black "Lodici, Lorenzo"]
[Result "1/2-1/2"]
[WhiteElo "2552"]
[BlackElo "2348"]
[PlyCount "153"]
[EventDate "2015.08.29"]

1. d4 f5 2. c4 Nf6 3. Nf3 g6 4. g3 Bg7 5. Bg2 O-O 6. O-O d6 7. d5 c6 8. Nd4 c5
9. Nf3 Na6 10. Nc3 Nc7 11. a4 h6 12. Rb1 Qe8 13. Qc2 Bd7 14. Bd2 e5 15. dxe6
Nxe6 16. b4 Bc6 17. b5 Be4 18. Nxe4 Nxe4 19. Bc1 Nc3 20. Rb3 Nxa4 21. Rd1 Nb6
22. Rxd6 Qe7 23. Rdd3 a5 24. bxa6 Rxa6 25. Rb1 Rfa8 26. Qb3 R8a7 27. h4 Nc8 28.
e3 Nd6 29. Nd2 Kh7 30. Bb2 Bxb2 31. Qxb2 Qg7 32. Qc1 Qe7 33. Rdb3 Ra4 34. Rb6
Ra2 35. Bd5 Nc7 36. Bxb7 Rxd2 37. Qxd2 Nxc4 38. Qc3 Nxb6 39. Rxb6 Nb5 40. Rxb5
Rxb7 41. Rxc5 Qe4 42. Kh2 Qf3 43. Rc7+ Rxc7 44. Qxc7+ Kg8 45. Qf4 Qe2 46. Kg2
h5 47. Qb8+ Kf7 48. Qc7+ Kf6 49. Qd6+ Kf7 50. Qd7+ Kg8 51. Qe7 Qc4 52. Qd8+ Kf7
53. Qd7+ Kg8 54. Qd8+ Kf7 55. Qd4 Qc6+ 56. Kf1 Qc2 57. Qd5+ Kg7 58. Kg2 Qc7 59.
Kf3 Kf6 60. Qd4+ Kf7 61. Qf4 Qc6+ 62. e4 Qc3+ 63. Kg2 Qc6 64. Kf3 Qc3+ 65. Qe3
fxe4+ 66. Kxe4 Qc6+ 67. Kd3 Qb5+ 68. Kc3 Qc6+ 69. Kb4 Qd6+ 70. Qc5 Qd2+ 71. Kb5
Ke6 72. Qc6+ Kf5 73. Qc8+ Kf6 74. Qf8+ Ke6 75. Qg8+ Kf6 76. Qf8+ Ke6 77. Qg8+
1/2-1/2

[Event "XVII Festival A"]
[Site "Trieste ITA"]
[Date "2015.08.30"]
[Round "2"]
[White "Pescatore, Lorenzo"]
[Black "Pap, Gyula"]
[Result "0-1"]
[WhiteElo "2279"]
[BlackElo "2536"]
[PlyCount "118"]
[EventDate "2015.08.29"]

1. e4 e6 2. d4 d5 3. Bd3 dxe4 4. Bxe4 Nf6 5. Bd3 c5 6. c3 cxd4 7. cxd4 Bd7 8.
Nf3 Bc6 9. O-O Nbd7 10. Nc3 Be7 11. Qe2 O-O 12. Ne5 Nxe5 13. dxe5 Nd5 14. Ne4
Nb4 15. Bb1 Qd4 16. Ng5 h6 17. Rd1 Qc5 18. a3 hxg5 19. axb4 Qxb4 20. Bd2 Qh4
21. Be3 Rad8 22. Bd3 a6 23. Rac1 Bd5 24. Rc7 Rfe8 25. Bc2 Bc6 26. Rxd8 Bxd8 27.
Rc8 Be7 28. Rxe8+ Bxe8 29. g3 Qb4 30. Qd2 Qxd2 31. Bxd2 Bc6 32. b4 Bf3 33. Bd3
Bd8 34. Be3 Be7 35. Bd2 g4 36. Bc3 Kf8 37. Kf1 Bd8 38. Be2 Bb6 39. Bd3 Ke7 40.
Ke1 Kd7 41. b5 a5 42. Bc2 Ke7 43. Bd3 f6 44. Bc2 Bc7 45. exf6+ gxf6 46. Bd4 e5
47. Be3 Bd6 48. Kd2 Bb4+ 49. Kd3 Kd6 50. Bh6 Kc5 51. Ba4 e4+ 52. Kc2 Kc4 53. b6
Bc5 54. Bc6 Bxb6 55. Bxb7 Bxf2 56. Ba6+ Kc5 57. Kd2 Kd4 58. Bg7 e3+ 59. Kc2 Ke5
0-1

[Event "XVII Festival A"]
[Site "Trieste ITA"]
[Date "2015.08.30"]
[Round "2"]
[White "Monjac, Mislav"]
[Black "Urkedal, Frode"]
[Result "0-1"]
[WhiteElo "2222"]
[BlackElo "2509"]
[PlyCount "58"]
[EventDate "2015.08.29"]

1. e4 e6 2. d3 d5 3. Qe2 Be7 4. g3 Nf6 5. Bg2 c5 6. Nf3 Nc6 7. O-O O-O 8. Re1
b5 9. e5 Nd7 10. h4 a5 11. h5 b4 12. Bf4 Ba6 13. Nbd2 a4 14. b3 Bb5 15. Qe3 Re8
16. Nf1 f6 17. Bh3 fxe5 18. Bxe6+ Kh8 19. Bg5 Nd4 20. Bxd7 Bxd7 21. Bxe7 Qxe7
22. Nxd4 cxd4 23. Qd2 Ra6 24. f4 Re6 25. f5 Rc6 26. g4 Rc3 27. Re2 Qh4 28. Nh2
Rec8 29. Rxe5 Qg3+ 0-1

[Event "XVII Festival A"]
[Site "Trieste ITA"]
[Date "2015.08.30"]
[Round "2"]
[White "Tratar, Marko"]
[Black "Di Paolo, Raffaele"]
[Result "0-1"]
[WhiteElo "2479"]
[BlackElo "2279"]
[PlyCount "74"]
[EventDate "2015.08.29"]

1. d4 d5 2. Nf3 Nf6 3. c4 c6 4. e3 e6 5. b3 Bd6 6. Bb2 Nbd7 7. Nbd2 O-O 8. Bd3
dxc4 9. Nxc4 Bb4+ 10. Ke2 Nb6 11. Nce5 Bd7 12. Qc2 Rc8 13. a3 Bd6 14. b4 Nbd5
15. g3 Be8 16. Nc4 Bb8 17. e4 h6 18. Na5 b6 19. Nb3 Ne7 20. Rhe1 Ng6 21. a4 Nd7
22. Ba6 Rc7 23. Bc4 Qe7 24. Ba3 b5 25. Bd3 e5 26. Bb2 exd4 27. Nbxd4 Nde5 28.
Nf5 Qe6 29. Bd4 Rd7 30. axb5 cxb5 31. Nxe5 Nxe5 32. f4 Nxd3 33. Qxd3 g6 34. Ne3
Qh3 35. Kf3 f5 36. Nd5 fxe4+ 37. Qxe4 Qh5+ 0-1

[Event "XVII Festival A"]
[Site "Trieste ITA"]
[Date "2015.08.30"]
[Round "2"]
[White "McPhillips, Joseph"]
[Black "Moroni, Luca Jr"]
[Result "0-1"]
[WhiteElo "2191"]
[BlackElo "2461"]
[PlyCount "114"]
[EventDate "2015.08.29"]

1. e4 e6 2. d4 d5 3. Nc3 Nc6 4. Nf3 Nf6 5. e5 Ne4 6. Bd3 Bb4 7. Bd2 Nxd2 8.
Qxd2 f6 9. a3 Bxc3 10. Qxc3 Bd7 11. Qd2 fxe5 12. dxe5 Qe7 13. Qe3 O-O-O 14. b4
Kb8 15. c3 Rdf8 16. h4 g6 17. O-O-O Qg7 18. Rde1 h6 19. Rh3 Qf7 20. Re2 Ne7 21.
Nd4 Nf5 22. Bxf5 gxf5 23. f4 Qe7 24. Rb2 Rhg8 25. g3 Rc8 26. Nb3 b6 27. Rhh2
Rg6 28. Qf3 Ba4 29. Kb1 Rg4 30. Ka2 Rcg8 31. Rh3 c5 32. Qe3 Rc8 33. Rh1 cxb4
34. axb4 Bxb3+ 35. Kxb3 Rc4 36. Rd1 Re4 37. Qf2 Rg8 38. Rbd2 Qd7 39. Rd4 Qb5
40. Rxe4 fxe4 41. Rd4 a5 42. f5 exf5 43. e6 Rc8 44. Qd2 a4+ 45. Kb2 Qc6 46.
Rxd5 Qxe6 47. Qf4+ Ka8 48. Qxf5 Qc6 49. Qe5 e3 50. Rd6 Re8 51. Qd4 e2 52. Rd8+
Kb7 53. Rd7+ Kc8 54. Rd6 Qc7 55. Qd3 e1=Q 56. Qa6+ Qb7 57. Rc6+ Kb8 0-1

[Event "XVII Festival A"]
[Site "Trieste ITA"]
[Date "2015.08.30"]
[Round "2"]
[White "Jovanic, Ognjen"]
[Black "Horton, Andrew P."]
[Result "1-0"]
[WhiteElo "2459"]
[BlackElo "2278"]
[PlyCount "80"]
[EventDate "2015.08.29"]

1. d4 Nf6 2. Nf3 e6 3. e3 c5 4. c4 cxd4 5. exd4 d5 6. Nc3 Be7 7. cxd5 Nxd5 8.
Bd3 O-O 9. O-O Nc6 10. Re1 Re8 11. a3 g6 12. h4 Bf6 13. Bg5 Nxc3 14. bxc3 Bxg5
15. Nxg5 h6 16. Nf3 Bd7 17. Rb1 b6 18. h5 g5 19. Nd2 Na5 20. f4 gxf4 21. Qf3
Bc6 22. Be4 Bxe4 23. Rxe4 Rc8 24. Rxf4 f5 25. Re1 Qg5 26. Re3 Nb7 27. Qf2 Kh7
28. Rg3 Qe7 29. Qe3 Nd6 30. Rg6 Nf7 31. Nf3 Qxa3 32. Qe1 Qxc3 33. Qh4 Qb4 34.
Qf6 Qf8 35. d5 Rc1+ 36. Kh2 Rc5 37. dxe6 Ne5 38. Rxh6+ Qxh6 39. Ng5+ Qxg5 40.
Qxg5 Rxe6 1-0

[Event "XVII Festival A"]
[Site "Trieste ITA"]
[Date "2015.08.30"]
[Round "2"]
[White "Hrescak, Ivana"]
[Black "Korpa, Bence"]
[Result "0-1"]
[WhiteElo "1993"]
[BlackElo "2433"]
[PlyCount "104"]
[EventDate "2015.08.29"]

1. d4 d5 2. c4 c6 3. Nf3 Nf6 4. Nc3 dxc4 5. a4 e6 6. e3 c5 7. Bxc4 Nc6 8. O-O
cxd4 9. exd4 Be7 10. Bf4 O-O 11. d5 exd5 12. Nxd5 Nxd5 13. Qxd5 Be6 14. Qxd8
Raxd8 15. Bxe6 fxe6 16. Be3 Rd3 17. Rac1 Rfd8 18. Rc4 R8d5 19. h3 a5 20. Rb1
Bf6 21. b3 Rd1+ 22. Rxd1 Rxd1+ 23. Kh2 Rd3 24. Nd2 Bc3 25. Nf3 Bf6 26. Nd2 Be7
27. Re4 Kf7 28. Rf4+ Ke8 29. Re4 Kd7 30. Rg4 g6 31. Rc4 Bb4 32. Ne4 Rxb3 33.
Nf6+ Ke7 34. Nxh7 Bd6+ 35. g3 Rb4 36. Rg4 Rxg4 37. hxg4 Ne5 38. Ng5 Nxg4+ 39.
Kg2 Nxe3+ 40. fxe3 b5 41. axb5 a4 42. Ne4 Be5 43. Nc5 a3 44. b6 a2 45. Nb3 a1=Q
46. Nxa1 Bxa1 47. Kf3 Be5 48. Kg4 Kf6 49. b7 Bb8 50. Kh4 Kf5 51. g4+ Kf6 52. e4
Bc7 0-1

[Event "XVII Festival A"]
[Site "Trieste ITA"]
[Date "2015.08.30"]
[Round "2"]
[White "Werle, Jan"]
[Black "Belli, Giorgio"]
[Result "1-0"]
[WhiteElo "2525"]
[BlackElo "2027"]
[PlyCount "51"]
[EventDate "2015.08.29"]

1. d4 Nf6 2. c4 c5 3. d5 b5 4. cxb5 a6 5. bxa6 g6 6. Nc3 Bxa6 7. e4 Bxf1 8.
Kxf1 d6 9. g3 Bg7 10. Kg2 O-O 11. Nf3 Nbd7 12. a4 Qa5 13. Bd2 Qa6 14. Re1 Rfb8
15. Nb5 Ne8 16. Bc3 Bxc3 17. bxc3 Nb6 18. Qc2 Nxa4 19. c4 Rxb5 20. cxb5 Qxb5
21. Reb1 Qd7 22. Ra2 Nc7 23. Rb7 Qc8 24. Rxc7 Qxc7 25. Rxa4 Rb8 26. Nd4 1-0

[Event "XVII Festival A"]
[Site "Trieste ITA"]
[Date "2015.08.30"]
[Round "2"]
[White "Codenotti, Marco"]
[Black "Pepino, Enrico"]
[Result "1-0"]
[WhiteElo "2424"]
[BlackElo "2154"]
[PlyCount "59"]
[EventDate "2015.08.29"]

1. e4 d6 2. d4 Nf6 3. Nc3 g6 4. Nf3 Bg7 5. Be2 O-O 6. O-O Nc6 7. d5 Nb8 8. a4
c6 9. h3 a5 10. Nd4 cxd5 11. exd5 Na6 12. Be3 Nb4 13. Bf3 Bd7 14. g4 Rc8 15. g5
Ne8 16. Bg2 Rc4 17. Nce2 Qc8 18. c3 Na6 19. Kh2 e5 20. dxe6 fxe6 21. b3 Rc5 22.
c4 Nb4 23. Rc1 Re5 24. Qd2 Bc6 25. Nxc6 Nxc6 26. Ng3 Qd8 27. f4 Ref5 28. Nxf5
gxf5 29. h4 Qe7 30. Rcd1 1-0

[Event "XVII Festival A"]
[Site "Trieste ITA"]
[Date "2015.08.30"]
[Round "2"]
[White "Doric, Nenad"]
[Black "Sepehrkhoui, Ardeshir"]
[Result "1/2-1/2"]
[WhiteElo "2298"]
[BlackElo "2115"]
[PlyCount "110"]
[EventDate "2015.08.29"]

1. e4 c5 2. Nf3 Nc6 3. Bb5 e6 4. Bxc6 bxc6 5. b3 f6 6. Bb2 Nh6 7. O-O e5 8. c3
d6 9. d4 cxd4 10. cxd4 Be7 11. Qc2 Bd7 12. Nbd2 O-O 13. Rfd1 Qe8 14. Ba3 Bg4
15. Rdc1 Rc8 16. Ne1 Kh8 17. Qd3 Qd7 18. Nc2 Nf7 19. Ne3 Bh5 20. Nf5 Bg6 21.
Nxe7 Qxe7 22. f3 Rfd8 23. Nc4 Qb7 24. d5 Qa6 25. Bb4 Rb8 26. Be1 cxd5 27. Qxd5
Rb5 28. Qe6 Qb7 29. Ne3 Ng5 30. Qc4 Rc5 31. Qa4 Ne6 32. Bf2 Rxc1+ 33. Rxc1 Nc5
34. Qc4 Bf7 35. Nd5 Be6 36. Bxc5 dxc5 37. Qxc5 Rc8 38. Nc7 h6 39. h3 Bg8 40.
Rc3 Rd8 41. Qb5 Rd1+ 42. Kh2 Qc8 43. Qe8 Rd8 44. Qe7 Rd7 45. Qc5 Rd2 46. Rc2
Qd7 47. Rxd2 Qxd2 48. Ne8 Qf4+ 49. Kg1 a6 50. h4 Qd2 51. Qc7 Bf7 52. Nd6 Be6
53. a3 h5 54. Ne8 Bf7 55. Qxf7 Qe1+ 1/2-1/2

[Event "XVII Festival A"]
[Site "Trieste ITA"]
[Date "2015.08.30"]
[Round "2"]
[White "Jacob, Volker"]
[Black "Zamar, Kodelja Jurij"]
[Result "1-0"]
[WhiteElo "2269"]
[BlackElo "1973"]
[PlyCount "93"]
[EventDate "2015.08.29"]

1. d4 Nf6 2. c4 c5 3. d5 b5 4. cxb5 a6 5. e3 Bb7 6. Nc3 Qa5 7. Bd2 axb5 8. Bxb5
Qb6 9. Nge2 Nxd5 10. O-O e6 11. Nxd5 exd5 12. a4 Bd6 13. Bc3 O-O 14. Ng3 Re8
15. Qg4 Bf8 16. Rfd1 Qg6 17. Qh3 Qe6 18. Qh5 Qg6 19. Qh4 Be7 20. Qh3 Qe6 21.
Nf5 Bf8 22. Bd3 h6 23. Qg3 g6 24. Qf4 gxf5 25. Bxf5 Qe7 26. h4 f6 27. Bg6 Bg7
28. Bxe8 Qxe8 29. Bxf6 Bxf6 30. Qxf6 Ra6 31. Qf4 Rg6 32. g3 Na6 33. Rac1 Qf7
34. Qe5 Re6 35. Qc3 Qf3 36. e4 Qxc3 37. bxc3 Rxe4 38. a5 Bc6 39. Re1 Rxe1+ 40.
Rxe1 Kf7 41. g4 d4 42. cxd4 c4 43. Rc1 Bd5 44. Kf1 Nb4 45. Ke2 Be4 46. Kd2 Na2
47. Rxc4 1-0

[Event "XVII Festival A"]
[Site "Trieste ITA"]
[Date "2015.08.30"]
[Round "2"]
[White "Loiacono, Antonio"]
[Black "Bentivegna, Francesco"]
[Result "0-1"]
[WhiteElo "1843"]
[BlackElo "2234"]
[PlyCount "92"]
[EventDate "2015.08.29"]

1. e4 c5 2. Nf3 Nc6 3. d4 cxd4 4. Nxd4 e5 5. Nb5 d6 6. N1c3 a6 7. Na3 b5 8. Nd5
Nce7 9. Bg5 f6 10. Be3 Nxd5 11. Qxd5 Rb8 12. Rd1 Bb7 13. Qe6+ Qe7 14. Qxe7+
Nxe7 15. Rxd6 Nc8 16. Rd2 Bxe4 17. f3 Bc6 18. Be2 Nb6 19. Bxb6 Rxb6 20. O-O
Bc5+ 21. Kh1 Ke7 22. Rfd1 Rbb8 23. c3 Rhd8 24. Rxd8 Rxd8 25. Rxd8 Kxd8 26. Nc2
Bd5 27. b3 Kc7 28. g3 f5 29. Kg2 g5 30. Ne1 g4 31. Kf1 h5 32. Nd3 Bd6 33. fxg4
hxg4 34. Kf2 a5 35. Bd1 Kd7 36. Be2 Ke6 37. Bf1 a4 38. Bg2 e4 39. Nf4+ Bxf4 40.
gxf4 e3+ 41. Kg1 Bxg2 42. Kxg2 Kd5 43. Kf1 Ke4 44. c4 axb3 45. axb3 bxc4 46.
bxc4 Kd3 0-1

[Event "XVII Festival A"]
[Site "Trieste ITA"]
[Date "2015.08.30"]
[Round "2"]
[White "Markocic, Tine"]
[Black "Srebrnic, Vojko"]
[Result "1/2-1/2"]
[WhiteElo "1901"]
[BlackElo "2202"]
[PlyCount "77"]
[EventDate "2015.08.29"]

1. e4 c5 2. Nf3 e6 3. d4 cxd4 4. Nxd4 a6 5. Bd3 Bc5 6. Nb3 Ba7 7. Qg4 Nf6 8.
Qg3 d6 9. Nc3 Nc6 10. O-O Nh5 11. Qg4 g6 12. Kh1 Ne5 13. Qh3 Nxd3 14. Qxd3 O-O
15. Bh6 Ng7 16. f4 f5 17. exf5 gxf5 18. Rf3 Rf7 19. Rd1 d5 20. Nd4 Qf6 21. Bg5
Qxd4 22. Qxd4 Bxd4 23. Rxd4 Bd7 24. Rg3 Nh5 25. Rh3 Nf6 26. Bxf6 Rxf6 27. Ne2
Rc8 28. c3 Bb5 29. Ng1 Rg6 30. Re3 Rc4 31. Nf3 Rxd4 32. cxd4 b6 33. Rc3 Rg7 34.
Ne5 Re7 35. Kg1 Kg7 36. Kf2 Kf6 37. Rc8 Re8 38. Rc7 Re7 39. Rc8 1/2-1/2

[Event "XVII Festival A"]
[Site "Trieste ITA"]
[Date "2015.08.30"]
[Round "2"]
[White "Mikalsen, Erlend"]
[Black "Loiacono, Leonardo"]
[Result "0-1"]
[WhiteElo "2350"]
[BlackElo "1916"]
[PlyCount "72"]
[EventDate "2015.08.29"]

1. e4 c5 2. Nf3 Nc6 3. d4 cxd4 4. Nxd4 Nf6 5. Nc3 e5 6. Ndb5 d6 7. Bg5 a6 8.
Na3 b5 9. Bxf6 gxf6 10. Nd5 f5 11. Bd3 Be6 12. O-O Bxd5 13. exd5 Ne7 14. Nxb5
Bg7 15. Nc3 O-O 16. Qh5 e4 17. Bc4 Qd7 18. Bb3 Rab8 19. Na4 Rb4 20. Nc3 Rc8 21.
Nd1 a5 22. c3 Rbb8 23. Ne3 a4 24. Bc2 Rxb2 25. g4 Rxc3 26. Rac1 f4 27. Bxe4
Rxc1 28. Rxc1 fxe3 29. Bxh7+ Kf8 30. fxe3 Be5 31. Rf1 Nxd5 32. Qg5 Nf6 33. Qh6+
Ke7 34. h3 Qb7 35. e4 Qa7+ 36. Kh1 Rh2# 0-1

[Event "XVII Festival A"]
[Site "Trieste ITA"]
[Date "2015.08.30"]
[Round "2"]
[White "Pregarac, Valter"]
[Black "Ostovic, Matija"]
[Result "1/2-1/2"]
[WhiteElo "2116"]
[BlackElo "2322"]
[PlyCount "36"]
[EventDate "2015.08.29"]

1. c4 Nf6 2. Nc3 e6 3. d4 d5 4. cxd5 exd5 5. Bg5 c6 6. e3 Be7 7. Bd3 O-O 8. Qc2
h6 9. Bh4 Nbd7 10. Nge2 b6 11. O-O Bb7 12. f3 c5 13. Bf2 Re8 14. Ng3 Bf8 15.
Rad1 a6 16. a4 Qc7 17. Kh1 h5 18. Rfe1 c4 1/2-1/2

[Event "XVII Festival A"]
[Site "Trieste ITA"]
[Date "2015.08.30"]
[Round "2"]
[White "Santeramo, Alessia Carmen"]
[Black "Timmermans, Ivo"]
[Result "1-0"]
[WhiteElo "2085"]
[BlackElo "2183"]
[PlyCount "73"]
[EventDate "2015.08.29"]

1. e4 e5 2. Nf3 Nc6 3. Bb5 Nf6 4. O-O Nxe4 5. d4 Nd6 6. Bxc6 dxc6 7. dxe5 Nf5
8. Qxd8+ Kxd8 9. Nc3 Ke8 10. h3 h5 11. Ne2 c5 12. Bg5 Be7 13. Rfd1 Bd7 14. Bxe7
Kxe7 15. Nf4 Bc6 16. Ng5 Rh6 17. c3 h4 18. Re1 Rhh8 19. e6 Kf6 20. Nxf7 Rhg8
21. Ne5 Rad8 22. Ng4+ Kg5 23. e7 Rde8 24. Ne6+ Kg6 25. Ne5+ Kf6 26. Nxc6 bxc6
27. Nxc5 Rxe7 28. Rxe7 Kxe7 29. Re1+ Kd6 30. b4 Kd5 31. Re4 Nd6 32. Rd4+ Ke5
33. Rxh4 Nb5 34. Re4+ Kf5 35. g4+ Kg5 36. Re5+ Kf4 37. Rf5# 1-0

[Event "XVII Festival A"]
[Site "Trieste ITA"]
[Date "2015.08.30"]
[Round "2"]
[White "Markering, Martin"]
[Black "Sorbera, Giovanni"]
[Result "0-1"]
[WhiteElo "2037"]
[BlackElo "2177"]
[PlyCount "56"]
[EventDate "2015.08.29"]

1. d4 Nf6 2. Bg5 d5 3. Nf3 e6 4. Nbd2 Be7 5. e3 h6 6. Bh4 O-O 7. Bd3 b6 8. Ne5
Nfd7 9. Bg3 Nxe5 10. Bxe5 Ba6 11. Qg4 Bf6 12. Bxf6 Qxf6 13. Bxa6 Nxa6 14. c3 c5
15. O-O c4 16. e4 b5 17. f4 b4 18. f5 bxc3 19. bxc3 Rab8 20. h4 Rb2 21. e5 exf5
22. Rxf5 Qe6 23. Qf4 Rxd2 24. g4 Re2 25. Rf1 Re4 26. Qg3 Qg6 27. g5 h5 28. Rb1
Rg4 0-1

[Event "XVII Festival A"]
[Site "Trieste ITA"]
[Date "2015.08.30"]
[Round "2"]
[White "Henrich, Thomas"]
[Black "Egartner, Wolfgang"]
[Result "1-0"]
[WhiteElo "2177"]
[BlackElo "2050"]
[PlyCount "45"]
[EventDate "2015.08.29"]

1. d4 d5 2. Bg5 c6 3. e3 Qb6 4. Nd2 Qxb2 5. Bd3 e6 6. Ngf3 Nd7 7. O-O Ngf6 8.
Qe2 Qb6 9. c4 Be7 10. Ne5 Qd8 11. f4 O-O 12. Rf3 Nxe5 13. fxe5 Ne4 14. Bxe7
Qxe7 15. Bxe4 dxe4 16. Nxe4 f5 17. exf6 gxf6 18. Raf1 f5 19. Rg3+ Kh8 20. Qh5
e5 21. Ng5 f4 22. Nxh7 Qf7 23. Rg6 1-0

[Event "XVII Festival A"]
[Site "Trieste ITA"]
[Date "2015.08.30"]
[Round "2"]
[White "Jicman, Ligia-Letitia"]
[Black "Marziali, Giulio"]
[Result "0-1"]
[WhiteElo "2167"]
[BlackElo "2014"]
[PlyCount "148"]
[EventDate "2015.08.29"]

1. e4 d5 2. exd5 Qxd5 3. Nc3 Qa5 4. Bc4 Nf6 5. d4 c6 6. h3 Bf5 7. Nf3 e6 8. O-O
Bd6 9. Qe2 Nbd7 10. Bd2 Qc7 11. Ng5 O-O 12. Nge4 Be7 13. Bd3 Bg6 14. a4 Rad8
15. Bg5 Rfe8 16. Be3 Nd5 17. a5 Nb4 18. Bc4 Nf6 19. Ng5 Nxc2 20. Rac1 Nxd4 21.
Bxd4 Rxd4 22. Bxe6 Bb4 23. Nb5 Qf4 24. Nxd4 Qxd4 25. Qc4 Qxc4 26. Bxc4 Bd2 27.
Nf3 Bxc1 28. Rxc1 Be4 29. Ng5 Bg6 30. b4 a6 31. f3 h6 32. Ne4 Bxe4 33. fxe4
Rxe4 34. Kf2 g5 35. g3 Nd7 36. Be2 Rxb4 37. Rd1 Nc5 38. Bh5 Ne4+ 39. Kf3 Nf6
40. Bg4 Nxg4 41. hxg4 Kg7 42. Rd7 Kf6 43. Rd6+ Ke7 44. Rxh6 Rb5 45. Rh1 Rxa5
46. Re1+ Kd6 47. Kg2 Re5 48. Rf1 Ke6 49. Kh3 a5 50. Ra1 Kd6 51. Ra2 Kc7 52. Re2
f6 53. Rf2 a4 54. Rxf6 b5 55. Rf2 a3 56. Ra2 b4 57. Re2 Kd6 58. Ra2 b3 59. Rxa3
b2 60. Rb3 c5 61. Rxb2 c4 62. Kg2 Kc5 63. Kh3 c3 64. Ra2 Kd4 65. Ra4+ Kd3 66.
Ra3 Kd2 67. Ra8 Rd5 68. Rf8 c2 69. Rf2+ Kd3 70. Rf3+ Kc4 71. Rf2 Kb3 72. Rf3+
Kb2 73. Rf2 Kb1 74. Rd2 c1=Q 0-1

[Event "XVII Festival A"]
[Site "Trieste ITA"]
[Date "2015.08.30"]
[Round "2"]
[White "Horton, Jamie A."]
[Black "Montilli, Vincenzo"]
[Result "1/2-1/2"]
[WhiteElo "2023"]
[BlackElo "2165"]
[PlyCount "122"]
[EventDate "2015.08.29"]

1. d4 Nf6 2. c4 c5 3. d5 b5 4. cxb5 a6 5. b6 e6 6. Nc3 Nxd5 7. Nxd5 exd5 8.
Qxd5 Nc6 9. Bd2 Be7 10. Bc3 O-O 11. Nf3 Qxb6 12. e3 d6 13. Be2 Be6 14. Qd2 Rab8
15. O-O Nb4 16. b3 Rfd8 17. Rfd1 a5 18. Qb2 f6 19. Nd2 d5 20. Nf3 Nc6 21. Qd2
Qa7 22. Qc2 g6 23. h3 Bf7 24. g4 d4 25. exd4 cxd4 26. Be1 Rbc8 27. Qb2 Qb6 28.
Rac1 Kg7 29. Bc4 Ne5 30. Nxe5 fxe5 31. Bxf7 Kxf7 32. Qe2 Bf6 33. Qe4 Qb5 34.
Bd2 d3 35. Rxc8 Rxc8 36. Be3 Rd8 37. Kg2 Be7 38. Qc4+ Qxc4 39. bxc4 Ke6 40. Kf3
Bb4 41. Bd2 Bxd2 42. Rxd2 Rd4 43. Ke3 Rxc4 44. Rxd3 Ra4 45. a3 Rc4 46. f3 h5
47. Rb3 h4 48. Rb6+ Kf7 49. g5 Rc3+ 50. Ke4 Rxa3 51. Rf6+ Kg7 52. Kxe5 Rb3 53.
Kf4 Rb4+ 54. Ke3 Rb5 55. Rf4 Rxg5 56. Rxh4 Rb5 57. Rc4 Kf6 58. Rc6+ Kf5 59. Kf2
a4 60. Ra6 Rb4 61. Kg3 g5 1/2-1/2

[Event "XVII Festival A"]
[Site "Trieste ITA"]
[Date "2015.08.30"]
[Round "2"]
[White "Teeuwen, Jos"]
[Black "Viola, Enrico"]
[Result "1-0"]
[WhiteElo "2154"]
[BlackElo "1848"]
[PlyCount "37"]
[EventDate "2015.08.29"]

1. e4 c5 2. Nc3 Nc6 3. Bb5 Nd4 4. Nf3 Nxb5 5. Nxb5 d6 6. d4 cxd4 7. Qxd4 Qa5+
8. Nc3 Nf6 9. Bg5 Bg4 10. Bxf6 gxf6 11. O-O-O Rc8 12. Kb1 b5 13. e5 Rc4 14. Qd5
Rc5 15. Qa8+ Rc8 16. Qb7 b4 17. exd6 exd6 18. Rhe1+ Kd8 19. Qxf7 1-0

[Event "XVII Festival A"]
[Site "Trieste ITA"]
[Date "2015.08.30"]
[Round "2"]
[White "Debevec, Blaz"]
[Black "Simoni, Giulio"]
[Result "1/2-1/2"]
[WhiteElo "2154"]
[BlackElo "1930"]
[PlyCount "92"]
[EventDate "2015.08.29"]

1. d4 Nf6 2. c4 e6 3. g3 d5 4. Nf3 c6 5. Bg2 Nbd7 6. O-O Be7 7. b3 O-O 8. Nbd2
Ne4 9. Nxe4 dxe4 10. Nd2 f5 11. e3 e5 12. Bb2 Bf6 13. c5 exd4 14. Bxd4 Ne5 15.
Qc2 Be6 16. Rad1 Qc7 17. b4 Bd5 18. f3 exf3 19. Nxf3 Ng4 20. Qc3 Rae8 21. Rde1
Bxa2 22. Nd2 Be6 23. Nc4 Bxc4 24. Qxc4+ Qf7 25. Qxf7+ Rxf7 26. b5 Rd8 27. bxc6
bxc6 28. Bxc6 Bxd4 29. exd4 Rxd4 30. Rf4 Rd8 31. h3 Nh6 32. Rb4 Rc7 33. Bg2 Kf8
34. c6 Nf7 35. Rb7 Rdc8 36. Ra1 Ke8 37. Raxa7 Kd8 38. Ra1 Nd6 39. Rd1 Ke7 40.
Rb2 Ne4 41. g4 g6 42. gxf5 gxf5 43. Rb5 Rxc6 44. Rxf5 Rc1 45. Rxc1 Rxc1+ 46.
Kh2 Nf6 1/2-1/2